Enciclopedia estudiantil de las ciencias : materia, energía, ser humano /

Guardado en:
Autor Principal: Barone, Luis Roberto
Formato: Libro
Publicado: Buenos Aires : Clasa
Materias:
Etiquetas: Agregar Etiqueta
Sin Etiquetas, Sea el primero en etiquetar este registro!
LEADER 00699nam a22002175a 4500
001 CEM.cems012573
005 20070823190004.0
008 130507b######################000#0#####d
003 CEMS
020 |a 9507710035 
082 0 4 |a SG570 
100 1 |a Barone, Luis Roberto 
245 1 0 |a Enciclopedia estudiantil de las ciencias :  |b materia, energía, ser humano /  |c Dirección y Supervisión General Luis Roberto Barone 
260 |a Buenos Aires :  |b Clasa 
300 |a 420 p. 
653 |a Biblioteca maría de los angeles saggio 
653 |a Materia 
653 |a Energía 
653 |a Ciencias naturales 
653 |a Cuerpo humano 
859 |a CEMS  |b BIB. CEMS - 11 de abril  |h SG570  |i En16  |p 23702.07  |t Ej.1  |v II  |3 II